The federal debt: structure and impact (Record no. 477777)

000 -LEADER
fixed length control field 00349cam a22001217a 4500
008 - FIXED-LENGTH DATA ELEMENTS--GENERAL INFORMATION
fixed length control field 180718b1953 xxu||||| |||| 00| 0 eng d
082 ## - DEWEY DECIMAL CLASSIFICATION NUMBER
Classification number L3x73 Ab26
100 ## - MAIN ENTRY--PERSONAL NAME
Personal name Abbott, C.C.
245 ## - TITLE STATEMENT
Title The federal debt: structure and impact
Statement of responsibility, etc. by C.C. Abbott
260 ## - PUBLICATION, DISTRIBUTION, ETC.
Place of publication, distribution, etc. New York
Name of publisher, distributor, etc. Twentieth Century Fund
Date of publication, distribution, etc. 1953
300 ## - PHYSICAL DESCRIPTION
Extent 278p.
650 ## - SUBJECT ADDED ENTRY--TOPICAL TERM
Topical term or geographic name entry element Debts, Public --USA
Holdings
Withdrawn status Lost status Damaged status Not for loan Permanent Location Current Location Date acquired Full call number Barcode Date last seen Price effective from Koha item type
        Indian Institute of Public Administration Indian Institute of Public Administration 2018-08-04 L3x73 Ab26 GR485 2018-08-04 2018-08-04 GR

Powered by Koha